000 00424nam a2200169Ia 4500
003 GCL
008 140319s9999 xx 000 0 eng d
040 _aGCL /
_cGCL
082 0 4 _a729
_bM A
100 1 _aMYERSON, OF EREMY
245 1 0 _aINTERNATIONAL INTERIORS /
_cMYERSON, OF EREMY
260 _a[S.N] :
_bLAURENCE KING ،
_c1995
300 _a256 P
650 0 4 _aDESIGN
650 0 4 _aINTERIOR DESIGN
942 _2ddc
_cBK
999 _c15281
_d15281